000 00557nam a22001937a 4500
005 20230603122208.0
008 230327b |||||||| |||| 00| 0 eng d
020 _a9781543346909
041 _aeng
082 _a616.01
100 _aWani, Imtiyaz
245 _aA Textbook of applied Microbiology
_b(Exclusively Designed for B.Sc. Nursing Semester-III Students)
250 _a2022
260 _aJalandhar
_bS.Vikas and Company (Medical Publisher)
_c2022
300 _a418P.
365 _b599.00
_cRs.
942 _cCB
999 _c144252
_d144252
650 _aMICROBIOLOGY
_9181715